[Event "Gibtelecom Masters 2005"]
[Site "Gibraltar ENG"]
[Date "2005.01.02"]
[Round "9"]
[White "Sasikiran, Krishnan"]
[Black "Williams, Simon"]
[Result "1-0"]
[WhiteElo "2657"]
[BlackElo "2487"]
[PlyCount "51"]
[EventDate "2005.01.26"]
[EventType "swiss"]
[EventRounds "10"]
[EventCountry "ENG"]
[Source "lmi"]
[SourceDate "2005.02.03"]

1. d4 e6 2. e4 d5 3. Nc3 Bb4 4. e5 c5 5. a3 Bxc3+ 6. bxc3 Qc7 7. h4 b6 8. h5
Ba6 9. Bxa6 Nxa6 10. Ne2 Nb8 11. Rh3 Nc6 12. Rg3 Nge7 13. Rxg7 Nf5 14. Rg4 cxd4
15. cxd4 O-O-O 16. Rf4 Rhg8 17. g3 Rg5 18. g4 Rdg8 19. f3 Nxe5 20. dxe5 Qxe5
21. Rxf5 Rxf5 22. Qd4 Qh2 23. gxf5 Rg2 24. Qd3 d4 25. Qe4 exf5 26. Qc6+ 1-0

[Event "Gibtelecom Masters 2005"]
[Site "Gibraltar ENG"]
[Date "2005.01.02"]
[Round "9"]
[White "Shirov, Alexei"]
[Black "Spraggett, Kevin"]
[Result "1-0"]
[WhiteElo "2713"]
[BlackElo "2589"]
[PlyCount "64"]
[EventDate "2005.01.26"]
[EventType "swiss"]
[EventRounds "10"]
[EventCountry "ENG"]
[Source "lmi"]
[SourceDate "2005.02.03"]

1. e4 c5 2. Nf3 e6 3. d4 cxd4 4. Nxd4 a6 5. Bd3 Nf6 6. O-O d6 7. c4 Qc7 8. Nc3
Be7 9. b3 b5 10. Bb2 b4 11. Nce2 Nbd7 12. Ng3 Nc5 13. Bc2 Bb7 14. Qe1 O-O 15.
Rd1 Rfe8 16. f4 d5 17. cxd5 exd5 18. e5 Nfe4 19. Ndf5 Bf8 20. Rc1 Qd7 21. Qe3
Rac8 22. Rfd1 Qe6 23. Nd4 Qb6 24. Nde2 Qb5 25. f5 Nd7 26. Bd3 Rxc1 27. Rxc1 Qa5
28. e6 fxe6 29. fxe6 Rxe6 30. Nf4 Re8 31. Nxe4 dxe4 32. Bc4+ Kh8 1-0

[Event "Gibtelecom Masters 2005"]
[Site "Gibraltar ENG"]
[Date "2005.01.02"]
[Round "9"]
[White "Skripchenko, Almira"]
[Black "Kristjansson, Stefan"]
[Result "1/2-1/2"]
[WhiteElo "2459"]
[BlackElo "2438"]
[PlyCount "63"]
[EventDate "2005.01.26"]
[EventType "swiss"]
[EventRounds "10"]
[EventCountry "ENG"]
[Source "lmi"]
[SourceDate "2005.02.03"]

1. e4 e6 2. d4 d5 3. exd5 exd5 4. Nf3 Nc6 5. Bb5 Bd6 6. c4 dxc4 7. d5 a6 8. Ba4
b5 9. dxc6 bxa4 10. O-O Ne7 11. Qxa4 O-O 12. Nbd2 Rb8 13. a3 c3 14. bxc3 Qe8
15. Nc4 Qxc6 16. Qxc6 Nxc6 17. Nxd6 cxd6 18. Bf4 Rd8 19. Rab1 Rxb1 20. Rxb1 Kf8
21. h3 Ke7 22. Nd2 Ne5 23. Rb6 f6 24. Be3 Kd7 25. f4 Nc6 26. Kf2 Re8 27. Rb1
Ne7 28. c4 h5 29. g4 Kc6 30. Rg1 Bd7 31. Bd4 Rh8 32. Kg3 1/2-1/2

[Event "Gibtelecom Masters 2005"]
[Site "Gibraltar ENG"]
[Date "2005.01.02"]
[Round "9"]
[White "Thorfinnsson, Bjorn"]
[Black "Flores Chico, Jorge"]
[Result "1-0"]
[WhiteElo "2356"]
[BlackElo "2125"]
[PlyCount "23"]
[EventDate "2005.01.26"]
[EventType "swiss"]
[EventRounds "10"]
[EventCountry "ENG"]
[Source "lmi"]
[SourceDate "2005.02.03"]

1. d4 d5 2. c4 Nc6 3. e3 Nf6 4. cxd5 Nxd5 5. Nc3 Bf5 6. Nf3 a6 7. Qb3 Ndb4 8.
e4 Bg4 9. d5 Bxf3 10. dxc6 Bxg2 11. Bxg2 Nd3+ 12. Ke2 1-0

[Event "Gibtelecom Masters 2005"]
[Site "Gibraltar ENG"]
[Date "2005.01.02"]
[Round "9"]
[White "Thorfinnsson, Bragi"]
[Black "Hamdouchi, Hichem"]
[Result "1/2-1/2"]
[WhiteElo "2435"]
[BlackElo "2555"]
[PlyCount "155"]
[EventDate "2005.01.26"]
[EventType "swiss"]
[EventRounds "10"]
[EventCountry "ENG"]
[Source "lmi"]
[SourceDate "2005.02.03"]

1. d4 e6 2. c4 c5 3. d5 exd5 4. cxd5 d6 5. Nc3 g6 6. e4 Bg7 7. f4 Qh4+ 8. g3
Qe7 9. Bg2 Nf6 10. Nge2 O-O 11. O-O Nbd7 12. Kh1 Rb8 13. a4 a6 14. Rb1 Ne8 15.
b4 f5 16. exf5 gxf5 17. Re1 Qf6 18. Bb2 Qh6 19. bxc5 Nef6 20. Kg1 Ng4 21. h3
Ne3 22. Qd2 Nc4 23. Qd1 Nxb2 24. Rxb2 Nxc5 25. Kh2 Bd7 26. Rb1 Rfe8 27. Qd2 Qf6
28. a5 Re7 29. Na2 Rbe8 30. Nec3 Nb3 31. Qf2 Rxe1 32. Rxe1 Rxe1 33. Qxe1 Nxa5
34. Qe3 Qd8 35. Ne2 Qe8 36. Qb6 Qxe2 37. Qxa5 Be8 38. Qd8 Bf8 39. Nb4 Qe7 40.
Qb6 Bf7 41. Bf3 Bg7 42. Nc6 Qd7 43. Nd8 Bd4 44. Qxd4 Qxd8 45. Qa7 Qc7 46. g4
fxg4 47. hxg4 Qe7 48. Kg2 h6 49. Kf2 Be8 50. f5 Bb5 51. Qb8+ Kg7 52. Qc8 Kf6
53. Kg2 Qe8 54. Qc1 Qf8 55. Qe3 Bd7 56. Qb6 Bc8 57. Kf2 Qe7 58. Kg2 Kf7 59. Qb2
Qf6 60. Qc1 Bd7 61. Qc7 Qb2+ 62. Kg3 Ke7 63. Be4 Qf6 64. Qb6 a5 65. Qb3 Qd4 66.
Kf3 a4 67. Qxb7 Qc3+ 68. Kf4 Qe5+ 69. Kf3 h5 70. g5 Qc3+ 71. Ke2 Qh3 72. f6+
Kf7 73. Qc7 Qh2+ 74. Kf3 Qh1+ 75. Ke3 Qe1+ 76. Kf3 Qf1+ 77. Ke3 Qe1+ 78. Kf3
1/2-1/2

[Event "Gibtelecom Masters 2005"]
[Site "Gibraltar ENG"]
[Date "2005.01.02"]
[Round "9"]
[White "Tissir, Mohamed"]
[Black "Wells, Peter K"]
[Result "1/2-1/2"]
[WhiteElo "2426"]
[BlackElo "2519"]
[PlyCount "136"]
[EventDate "2005.01.26"]
[EventType "swiss"]
[EventRounds "10"]
[EventCountry "ENG"]
[Source "lmi"]
[SourceDate "2005.02.03"]

1. e4 c5 2. Nc3 Nc6 3. Bb5 Nd4 4. Bc4 e6 5. Nf3 Nf6 6. O-O a6 7. d3 b5 8. Bb3
Nxb3 9. axb3 Bb7 10. e5 b4 11. Na4 Nd5 12. d4 cxd4 13. Qxd4 Rc8 14. c4 bxc3 15.
bxc3 Ne7 16. Bg5 Qc7 17. Rfd1 Bxf3 18. gxf3 Nc6 19. Qe3 Nxe5 20. Bf4 f6 21.
Bxe5 fxe5 22. Qd3 Be7 23. Qxa6 Rb8 24. Qc4 Qxc4 25. bxc4 Rf8 26. Kg2 Rf4 27. c5
Ra8 28. Nb2 Rxa1 29. Rxa1 Bxc5 30. Nd3 Rc4 31. Nxe5 Rxc3 32. Ra8+ Ke7 33. Rc8
d6 34. Ng4 h5 35. Ne3 Bd4 36. Rxc3 Bxc3 37. Nf1 Be5 38. Nd2 d5 39. h3 Kd6 40.
Nb3 Kc6 41. Kf1 Kb5 42. Ke2 Kc4 43. Nc1 Bf4 44. Nd3 g5 45. Ne1 Kc3 46. Nd3 Bd6
47. Ne1 Kc4 48. Nd3 Kc3 49. Ne1 e5 50. Nd3 Kd4 51. Ne1 Kc3 52. Nd3 Kc4 53. Ne1
Bb4 54. Nd3 Bc3 55. Nc1 Ba5 56. Nd3 Bc7 57. Ne1 Kc3 58. Nd3 Kd4 59. Nc1 Bd6 60.
Nd3 e4 61. fxe4 dxe4 62. Ne1 Ke5 63. Ng2 Bc5 64. f3 h4 65. fxe4 Kxe4 66. Ne1
Bb6 67. Nf3 Kf4 68. Nxg5 Kxg5 1/2-1/2

[Event "Gibtelecom Masters 2005"]
[Site "Gibraltar ENG"]
[Date "2005.01.02"]
[Round "9"]
[White "Van den Bersselaar, Jeroen"]
[Black "Obers, Frits"]
[Result "1/2-1/2"]
[WhiteElo "2211"]
[BlackElo "2084"]
[PlyCount "37"]
[EventDate "2005.01.26"]
[EventType "swiss"]
[EventRounds "10"]
[EventCountry "ENG"]
[Source "lmi"]
[SourceDate "2005.02.03"]

1. d4 e6 2. c4 c5 3. d5 exd5 4. cxd5 d6 5. Nc3 g6 6. e4 Bg7 7. Nge2 Nf6 8. Ng3
O-O 9. Be2 Re8 10. O-O a6 11. a4 Nbd7 12. Bg5 h6 13. Be3 Rb8 14. Qd2 h5 15. f3
Ne5 16. Bg5 Qc7 17. f4 Ned7 18. Kh1 Nh7 19. Bh4 1/2-1/2

[Event "Gibtelecom Masters 2005"]
[Site "Gibraltar ENG"]
[Date "2005.01.02"]
[Round "9"]
[White "Vea, Odin Blikra"]
[Black "Mitchell, Martin"]
[Result "0-1"]
[WhiteElo "2077"]
[BlackElo "2147"]
[PlyCount "126"]
[EventDate "2005.01.26"]
[EventType "swiss"]
[EventRounds "10"]
[EventCountry "ENG"]
[Source "lmi"]
[SourceDate "2005.02.03"]

1. e4 c5 2. Nf3 Nc6 3. Bb5 g6 4. Nc3 Bg7 5. O-O Nd4 6. Bd3 d6 7. Nxd4 Bxd4 8.
Kh1 e6 9. f4 Ne7 10. Qe1 O-O 11. Ne2 Bg7 12. c3 Bd7 13. Bc2 Rc8 14. d3 b5 15.
Qg3 f5 16. e5 dxe5 17. fxe5 Qc7 18. Nf4 Bxe5 19. Bb3 c4 20. d4 Bg7 21. Bc2 Nc6
22. Qf3 e5 23. Qd5+ Rf7 24. dxe5 Nxe5 25. a4 Bc6 26. Qd1 bxa4 27. Be3 Rd7 28.
Qe2 Re8 29. Bd4 Kh8 30. Bxa4 Rde7 31. Qd2 Bxa4 32. Rxa4 Qd6 33. Ra5 Nd3 34.
Nxd3 Bxd4 35. cxd4 Qxd4 36. Ra3 Re3 37. Qb4 Rxd3 38. Rxd3 Qxd3 39. Ra1 f4 40.
Re1 Rxe1+ 41. Qxe1 Qe3 42. Qd1 Kg7 43. h4 Kh6 44. Qd8 Qe5 45. Qf8+ Kh5 46. Qf7
Qe1+ 47. Kh2 Qxh4+ 48. Kg1 Qe1+ 49. Kh2 Qg3+ 50. Kh1 h6 51. Qxc4 Qe1+ 52. Kh2
Qe5 53. Kh3 Qe3+ 54. Kh2 Qe5 55. Kh3 Qf5+ 56. Kh2 g5 57. Qa4 Qe5 58. Kg1 a5 59.
Qd7 g4 60. Qf7+ Kh4 61. Kf1 Qd6 62. Qb3 Qd4 63. Qc2 g3 0-1

[Event "Gibtelecom Masters 2005"]
[Site "Gibraltar ENG"]
[Date "2005.01.02"]
[Round "9"]
[White "Villena Perez, Jorge"]
[Black "Gonzalez Amaya, Milan"]
[Result "1-0"]
[WhiteElo "1916"]
[BlackElo "1931"]
[PlyCount "73"]
[EventDate "2005.01.26"]
[EventType "swiss"]
[EventRounds "10"]
[EventCountry "ENG"]
[Source "lmi"]
[SourceDate "2005.02.03"]

1. d4 Nf6 2. Nf3 g6 3. Bf4 Bg7 4. e3 O-O 5. Bd3 c5 6. c3 cxd4 7. cxd4 d6 8. O-O
Nh5 9. Bg5 Nc6 10. a3 Be6 11. Nc3 Bg4 12. h3 Bxf3 13. Qxf3 Qd7 14. Bb5 a6 15.
Ba4 b5 16. Bb3 h6 17. Bh4 g5 18. Qxh5 gxh4 19. Qxh4 e6 20. Ne4 f5 21. Nc3 Kh7
22. d5 exd5 23. Bxd5 Rac8 24. Rac1 Ne7 25. Bf3 Ng6 26. Qb4 Rc4 27. Qb3 Rh4 28.
Nd5 Qd8 29. Nc7 Rxh3 30. Ne6 Qh4 31. Nxf8+ Bxf8 32. gxh3 Qxh3 33. Bg2 Qg4 34.
Qd5 h5 35. Rc7+ Bg7 36. Qf3 Qg5 37. Qg3 1-0

[Event "Gibtelecom Masters 2005"]
[Site "Gibraltar ENG"]
[Date "2005.01.02"]
[Round "9"]
[White "Vinas Guerrero, Carlos A"]
[Black "Van Eijk, Sander"]
[Result "1-0"]
[WhiteElo "2096"]
[BlackElo "2216"]
[PlyCount "65"]
[EventDate "2005.01.26"]
[EventType "swiss"]
[EventRounds "10"]
[EventCountry "ENG"]
[Source "lmi"]
[SourceDate "2005.02.03"]

1. d4 Nf6 2. Nf3 e6 3. Nbd2 c5 4. c3 Nc6 5. e3 d5 6. Bd3 Be7 7. O-O O-O 8. Ne5
Nd7 9. f4 Qe8 10. Qh5 g6 11. Qh6 Bf6 12. b3 Bg7 13. Qh4 Ncxe5 14. fxe5 f6 15.
exf6 Bxf6 16. Qg3 e5 17. Bb2 cxd4 18. cxd4 exd4 19. exd4 Bh4 20. Qxh4 Qe3+ 21.
Rf2 Qxd3 22. Raf1 Qe3 23. Ba3 Rf5 24. Nf3 Nf6 25. Re1 Qf4 26. Qxf4 Rxf4 27. Re7
b6 28. Rc2 Re4 29. Ne5 Ba6 30. h3 Rxd4 31. Rcc7 Re4 32. Rg7+ Kh8 33. Ng4 1-0

[Event "Gibtelecom Masters 2005"]
[Site "Gibraltar ENG"]
[Date "2005.01.02"]
[Round "9"]
[White "Walton, Alan J"]
[Black "Nezad, Husein Aziz"]
[Result "1/2-1/2"]
[WhiteElo "2181"]
[BlackElo "2349"]
[PlyCount "50"]
[EventDate "2005.01.26"]
[EventType "swiss"]
[EventRounds "10"]
[EventCountry "ENG"]
[Source "lmi"]
[SourceDate "2005.02.03"]

1. d4 d5 2. Bg5 f6 3. Bf4 Nc6 4. Nf3 Bf5 5. e3 e6 6. Bd3 Bxd3 7. cxd3 Bd6 8.
Bxd6 cxd6 9. Nc3 Nge7 10. Qb3 Qd7 11. O-O O-O 12. e4 dxe4 13. dxe4 d5 14. exd5
exd5 15. Rae1 Rfd8 16. Re2 Nf5 17. Qd1 Re8 18. Rfe1 Rxe2 19. Rxe2 Rc8 20. g3 g5
21. Rd2 Kg7 22. Ne1 Re8 23. Nc2 Nd6 24. Ne3 Ne4 25. Re2 Nxc3 1/2-1/2

[Event "Gibtelecom Masters 2005"]
[Site "Gibraltar ENG"]
[Date "2005.01.02"]
[Round "9"]
[White "Ward, Christopher"]
[Black "Postny, Evgeny"]
[Result "1/2-1/2"]
[WhiteElo "2485"]
[BlackElo "2557"]
[PlyCount "58"]
[EventDate "2005.01.26"]
[EventType "swiss"]
[EventRounds "10"]
[EventCountry "ENG"]
[Source "lmi"]
[SourceDate "2005.02.03"]

1. d4 d5 2. c4 c6 3. Nc3 Nf6 4. e3 a6 5. Nf3 b5 6. b3 Bg4 7. h3 Bxf3 8. gxf3 e6
9. f4 Nbd7 10. c5 g6 11. Bd3 Be7 12. Qc2 O-O 13. Bb2 Nh5 14. Ne2 a5 15. a4 b4
16. O-O-O f5 17. Rdg1 Ndf6 18. f3 Rf7 19. Qd2 Rg7 20. Kb1 Qc7 21. Bc2 Rf8 22.
Nc1 Nd7 23. h4 Qd8 24. Qh2 Kh8 25. Nd3 Rfg8 26. Bc1 Qf8 27. Nf2 h6 28. Bd2 Rh7
29. Nd3 Rgg7 1/2-1/2

[Event "Gibtelecom Masters 2005"]
[Site "Gibraltar ENG"]
[Date "2005.01.02"]
[Round "9"]
[White "Welling, Gerard"]
[Black "Hebden, Mark"]
[Result "0-1"]
[WhiteElo "2369"]
[BlackElo "2521"]
[PlyCount "23"]
[EventDate "2005.01.26"]
[EventType "swiss"]
[EventRounds "10"]
[EventCountry "ENG"]
[Source "lmi"]
[SourceDate "2005.02.03"]

1. d4 Nf6 2. c4 g6 3. Nc3 Bg7 4. Nf3 O-O 5. Bf4 c5 6. d5 d6 7. Qd2 b5 8. cxb5
a6 9. e4 axb5 10. Bxb5 Qa5 11. Be2 Ba6 12. O-O 0-1

[Event "Gibtelecom Masters 2005"]
[Site "Gibraltar ENG"]
[Date "2005.01.03"]
[Round "10"]
[White "Arakhamia Grant, Ketevan"]
[Black "Al Sayed, Mohamad Naser"]
[Result "1/2-1/2"]
[WhiteElo "2454"]
[BlackElo "2463"]
[PlyCount "99"]
[EventDate "2005.01.26"]
[EventType "swiss"]
[EventRounds "10"]
[EventCountry "ENG"]
[Source "lmi"]
[SourceDate "2005.02.03"]

1. e4 c5 2. Nf3 g6 3. c4 Bg7 4. d4 Qb6 5. dxc5 Qxc5 6. Be2 Nc6 7. O-O d6 8. a3
Bg4 9. b4 Qb6 10. Be3 Qc7 11. Ra2 a5 12. b5 Bxf3 13. gxf3 Ne5 14. Rc2 Nd7 15.
Nc3 Ngf6 16. b6 Qd8 17. Nb5 O-O 18. Nc7 Rc8 19. Qd2 Ne8 20. Nxe8 Rxe8 21. Qxa5
Nc5 22. Qb5 Rc6 23. Rb1 Qa8 24. Qb4 Rec8 25. Bf1 Qa6 26. f4 Qa8 27. Bg2 e5 28.
f5 Nd3 29. Qb3 Nc5 30. Qb4 Nd3 31. Qd2 Nf4 32. Bxf4 exf4 33. e5 Bxe5 34. Bxc6
Rxc6 35. Qd5 Qxa3 36. f6 Qa4 37. Re2 Bxf6 38. Re8+ Kg7 39. Rb8 Qc2 40. Rb5 f3
41. Qxf3 Rxc4 42. Rxb7 Qc1+ 43. Kg2 Rf4 44. Rc7 Qd2 45. Qe3 Rg4+ 46. Kh3 Rh4+
47. Kg2 Rg4+ 48. Kh3 Rh4+ 49. Kg2 Rg4+ 50. Kh3 1/2-1/2

[Event "Gibtelecom Masters 2005"]
[Site "Gibraltar ENG"]
[Date "2005.01.03"]
[Round "10"]
[White "Arsenault, Nicolas"]
[Black "Radovanovic, Jovica"]
[Result "0-1"]
[WhiteElo "2138"]
[BlackElo "2329"]
[PlyCount "90"]
[EventDate "2005.01.26"]
[EventType "swiss"]
[EventRounds "10"]
[EventCountry "ENG"]
[Source "lmi"]
[SourceDate "2005.02.03"]

1. e4 e5 2. Nf3 Nc6 3. Bb5 Nf6 4. O-O Nxe4 5. d4 Be7 6. dxe5 O-O 7. Nbd2 Nc5 8.
a3 a6 9. Bc4 d5 10. exd6 Qxd6 11. b4 Na4 12. Ne4 Qxd1 13. Rxd1 Bf5 14. Bb3 Bxe4
15. Bxa4 Bf6 16. Rb1 Bxf3 17. gxf3 Nd4 18. Kg2 Nb5 19. Bxb5 axb5 20. Rb3 Rfd8
21. Rbd3 Rxd3 22. Rxd3 Rd8 23. Rxd8+ Bxd8 24. Bb2 f6 25. f4 f5 26. Kf3 Kf7 27.
Ke3 c6 28. Kd3 Bc7 29. c4 bxc4+ 30. Kxc4 b5+ 31. Kb3 Kg6 32. a4 bxa4+ 33. Kxa4
Bd8 34. b5 cxb5+ 35. Kxb5 Kh5 36. Bxg7 Kg4 37. Kc5 h5 38. Kd5 h4 39. Ke6 Bb6
40. f3+ Kxf3 41. Kxf5 h3 42. Kg5 Bg1 43. f5 Bxh2 44. Bd4 Bf4+ 45. Kg6 h2 0-1

[Event "Gibtelecom Masters 2005"]
[Site "Gibraltar ENG"]
[Date "2005.01.03"]
[Round "10"]
[White "Bellon Lopez, Juan Manuel"]
[Black "McNab, Colin A"]
[Result "0-1"]
[WhiteElo "2428"]
[BlackElo "2440"]
[PlyCount "80"]
[EventDate "2005.01.26"]
[EventType "swiss"]
[EventRounds "10"]
[EventCountry "ENG"]
[Source "lmi"]
[SourceDate "2005.02.03"]

1. d4 d6 2. e4 g6 3. Nc3 Bg7 4. f4 Nf6 5. Nf3 O-O 6. Bd3 Nc6 7. O-O e5 8. fxe5
dxe5 9. d5 Ne7 10. Nxe5 c6 11. Bg5 cxd5 12. Bxf6 Qb6+ 13. Kh1 Bxf6 14. Nxd5
Nxd5 15. Nc4 Qd8 16. exd5 b5 17. Na5 Bh4 18. b4 Qxd5 19. Qe2 Bd7 20. c4 Qd4 21.
Nb3 Qc3 22. Qe4 Bf5 23. Rxf5 gxf5 24. Qxf5 Qg7 25. Rf1 Rae8 26. Nc5 bxc4 27.
Bxc4 Re1 28. g3 Rxf1+ 29. Bxf1 Be7 30. Bd3 Rd8 31. Nd7 Qg6 32. Qf3 Qg5 33. h4
Qg7 34. Qf5 Qg6 35. Qf3 Qe6 36. Bf5 Qc4 37. Bd3 Qd4 38. Bxh7+ Kxh7 39. Qxf7+
Qg7 40. Qh5+ Kg8 0-1

[Event "Gibtelecom Masters 2005"]
[Site "Gibraltar ENG"]
[Date "2005.01.03"]
[Round "10"]
[White "Black, Richard"]
[Black "De Andres Gonalons, Fernando"]
[Result "1/2-1/2"]
[WhiteElo "2235"]
[BlackElo "2115"]
[PlyCount "155"]
[EventDate "2005.01.26"]
[EventType "swiss"]
[EventRounds "10"]
[EventCountry "ENG"]
[Source "lmi"]
[SourceDate "2005.02.03"]

1. e4 e6 2. d4 d5 3. Nd2 Nf6 4. e5 Nfd7 5. Bd3 c5 6. c3 Nc6 7. Ne2 Qb6 8. Nf3
cxd4 9. cxd4 f6 10. exf6 Nxf6 11. O-O Bd6 12. Nc3 O-O 13. Bg5 Bd7 14. Re1 Kh8
15. Na4 Qa5 16. a3 Nxd4 17. Nxd4 Bxa4 18. b3 Bd7 19. Nxe6 Rf7 20. h3 Ne4 21.
Bxe4 Bxe6 22. Bxh7 Kxh7 23. Rxe6 Qb6 24. Re2 d4 25. Qd3+ Kg8 26. Bc1 Rd8 27.
Bb2 Be7 28. Rae1 Qf6 29. Rd1 Bc5 30. Red2 Kh8 31. Qc4 Bb6 32. Qd3 Re7 33. Re2
Rde8 34. Rxe7 Rxe7 35. Bxd4 Bxd4 36. Qxd4 Re1+ 37. Kh2 Rxd1 38. Qxd1 Qxf2 39.
Qh5+ Kg8 40. Qe8+ Kh7 41. Qe4+ Kh8 42. Qxb7 Qf4+ 43. g3 Qd2+ 44. Qg2 Qe3 45.
Qa2 a5 46. h4 Qd4 47. Qc2 Qb6 48. Qd3 Qc5 49. a4 Qb4 50. Kh3 Qe1 51. Qf3 Qe6+
52. g4 Qe8 53. h5 Kh7 54. g5 Qe6+ 55. Kg3 Qe1+ 56. Kf4 Qc1+ 57. Qe3 Qc7+ 58.
Ke4 Qe7+ 59. Kd3 Qd6+ 60. Kc3 Qc7+ 61. Kd3 Qd6+ 62. Kc3 Qc7+ 63. Kb2 Qh2+ 64.
Ka3 Qd6+ 65. Ka2 Qh2+ 66. Kb1 Qh1+ 67. Qc1 Qxh5 68. Qc2+ Kg8 69. g6 Kf8 70.
Qc8+ Ke7 71. Qc7+ Ke6 72. Qf7+ Kd6 73. Qxg7 Qd1+ 74. Kb2 Qd2+ 75. Ka3 Qc1+ 76.
Qb2 Qc5+ 77. Ka2 Ke6 78. Qg2 1/2-1/2

[Event "Gibtelecom Masters 2005"]
[Site "Gibraltar ENG"]
[Date "2005.01.03"]
[Round "10"]
[White "Cardenas Romo, Alejandro"]
[Black "Bergsson, Stefan"]
[Result "0-1"]
[WhiteElo "1921"]
[BlackElo "2163"]
[PlyCount "80"]
[EventDate "2005.01.26"]
[EventType "swiss"]
[EventRounds "10"]
[EventCountry "ENG"]
[Source "lmi"]
[SourceDate "2005.02.03"]

1. e4 c5 2. Nc3 Nc6 3. f4 g6 4. Nf3 Bg7 5. Bb5 Nd4 6. a4 Nxb5 7. Nxb5 d6 8. O-O
Nf6 9. d3 O-O 10. Qe1 a6 11. Nc3 Rb8 12. Qh4 b5 13. Ng5 h6 14. Nf3 b4 15. Ne2
a5 16. f5 g5 17. Qg3 c4 18. h4 g4 19. Nh2 h5 20. Bg5 Nh7 21. Nf4 f6 22. Nxh5
fxg5 23. Qxg4 Nf6 24. Qxg5 Nxh5 25. Qxh5 b3 26. c3 cxd3 27. Ng4 Qe8 28. Qg5 Kh8
29. f6 exf6 30. Nxf6 Qf7 31. Nh7 Qa7+ 32. Kh1 Kxh7 33. Rxf8 Bxf8 34. Rf1 Qg7
35. Qh5+ Qh6 36. Qf7+ Bg7 37. Qc7 Bg4 38. Qxb8 d2 39. Qxb3 Qxh4+ 40. Kg1 Qe1
0-1

[Event "Gibtelecom Masters 2005"]
[Site "Gibraltar ENG"]
[Date "2005.01.03"]
[Round "10"]
[White "Cazelais, Marc"]
[Black "Bryn, Askild"]
[Result "1/2-1/2"]
[WhiteElo "2201"]
[BlackElo "2009"]
[PlyCount "34"]
[EventDate "2005.01.26"]
[EventType "swiss"]
[EventRounds "10"]
[EventCountry "ENG"]
[Source "lmi"]
[SourceDate "2005.02.03"]

1. e4 c6 2. c4 d5 3. exd5 cxd5 4. cxd5 Nf6 5. Nc3 Nxd5 6. Nf3 e6 7. d4 Be7 8.
Bd3 Nc6 9. O-O Bf6 10. Bb1 O-O 11. Ne4 Be7 12. a3 Nf6 13. Ng3 Qb6 14. Qd3 Rd8
15. Be3 Qxb2 16. Bc2 Qb6 17. h4 Qa6 1/2-1/2

[Event "Gibtelecom Masters 2005"]
[Site "Gibraltar ENG"]
[Date "2005.01.03"]
[Round "10"]
[White "Cmilyte, Viktorija"]
[Black "Thorfinnsson, Bjorn"]
[Result "1-0"]
[WhiteElo "2468"]
[BlackElo "2356"]
[PlyCount "113"]
[EventDate "2005.01.26"]
[EventType "swiss"]
[EventRounds "10"]
[EventCountry "ENG"]
[Source "lmi"]
[SourceDate "2005.02.03"]

1. d4 d5 2. c4 dxc4 3. e4 e5 4. Nf3 exd4 5. Bxc4 Nc6 6. O-O Be6 7. Bb5 Bc5 8.
Qc2 Bb6 9. Bxc6+ bxc6 10. Qxc6+ Bd7 11. Qc2 Nf6 12. e5 Nd5 13. Bg5 Ne7 14. Nbd2
h6 15. Bh4 Bf5 16. Qc4 g5 17. Bg3 Qd5 18. Rfd1 Rd8 19. Qxd5 Rxd5 20. Nc4 d3 21.
Rac1 O-O 22. Ne3 Rb5 23. b3 Bg6 24. h4 Rb4 25. hxg5 hxg5 26. Nxg5 Bxe3 27. fxe3
Rg4 28. Bf4 Nd5 29. Nf3 f6 30. Rc4 Be4 31. Rxe4 Nc3 32. Rd4 Ne2+ 33. Kh2 Nxd4
34. Nxd4 fxe5 35. Bxe5 Rf2 36. Bg3 Rxa2 37. Rxd3 c5 38. Nb5 c4 39. Rd8+ Kf7 40.
Kh3 Rg5 41. Nd6+ Ke7 42. Bh4 Raxg2 43. Ne4 Kxd8 44. Bxg5+ Rxg5 45. Nxg5 cxb3
46. Ne4 Kc7 47. Kg4 Kc6 48. Nd2 b2 49. e4 a5 50. e5 Kd5 51. Kf5 Kd4 52. e6 Kd3
53. Nb1 Kc2 54. e7 Kxb1 55. e8=Q Kc2 56. Qa4+ Kc1 57. Qc4+ 1-0

[Event "Gibtelecom Masters 2005"]
[Site "Gibraltar ENG"]
[Date "2005.01.03"]
[Round "10"]
[White "Cramling, Pia"]
[Black "Kekki, Petri"]
[Result "1-0"]
[WhiteElo "2481"]
[BlackElo "2362"]
[PlyCount "119"]
[EventDate "2005.01.26"]
[EventType "swiss"]
[EventRounds "10"]
[EventCountry "ENG"]
[Source "lmi"]
[SourceDate "2005.02.03"]

1. d4 d5 2. Nf3 e6 3. c4 Nf6 4. Nc3 Be7 5. Bg5 h6 6. Bxf6 Bxf6 7. e3 O-O 8. Qb3
c6 9. Bd3 Nd7 10. Rd1 g6 11. O-O Bg7 12. Qc2 Qe7 13. Rfe1 f5 14. a3 g5 15. cxd5
cxd5 16. Rc1 a6 17. Qb3 Qf7 18. Bb1 Bf6 19. Re2 Kh8 20. Rec2 Be7 21. Na4 b5 22.
Nc3 Bd6 23. Ne2 Bb7 24. a4 Rab8 25. axb5 Ba8 26. Qa4 axb5 27. Qa6 Rb6 28. Qa5
Rbb8 29. Qc3 b4 30. Qd3 Rg8 31. Qa6 Rb6 32. Qd3 Bb7 33. b3 Qg7 34. Ra2 Nf8 35.
Ra7 Ng6 36. Qd1 Qf6 37. Bd3 g4 38. Ne1 Nh4 39. g3 Ng6 40. Ng2 e5 41. dxe5 Bxe5
42. Bb1 d4 43. exd4 Rd8 44. Qd3 Bxd4 45. Qxf5 Qxf5 46. Bxf5 Bb2 47. Re1 Bf3 48.
Nef4 Nxf4 49. Nxf4 Bc3 50. Rf1 Rd2 51. h3 gxh3 52. Bxh3 Rb7 53. Ra6 Kg7 54. Bg2
Bxg2 55. Kxg2 Bd4 56. Ne6+ Kh7 57. Nxd4 Rxd4 58. Rh1 Rd3 59. Raxh6+ Kg8 60.
Rh8+ 1-0

[Event "Gibtelecom Masters 2005"]
[Site "Gibraltar ENG"]
[Date "2005.01.03"]
[Round "10"]
[White "Del Rio Angelis, Salvador G"]
[Black "Pert, Richard G"]
[Result "1-0"]
[WhiteElo "2502"]
[BlackElo "2417"]
[PlyCount "79"]
[EventDate "2005.01.26"]
[EventType "swiss"]
[EventRounds "10"]
[EventCountry "ENG"]
[Source "lmi"]
[SourceDate "2005.02.03"]

1. e4 c5 2. Nf3 Nc6 3. d4 cxd4 4. Nxd4 g6 5. Nc3 Bg7 6. Nb3 Nf6 7. Be2 d6 8.
O-O O-O 9. Bg5 a6 10. f4 b5 11. Bf3 b4 12. Na4 Qc7 13. c3 a5 14. Rc1 Ba6 15. c4
Nd7 16. Kh1 Nb6 17. Nxb6 Qxb6 18. Qd2 a4 19. Na1 Rac8 20. b3 Qd4 21. Qe1 h6 22.
Bh4 axb3 23. axb3 Bb7 24. Nc2 Qc5 25. Bf2 Qa5 26. Be3 Rb8 27. Bd2 Ba8 28. e5
dxe5 29. Bxc6 Bxc6 30. Nxb4 Qa8 31. Nxc6 Qxc6 32. b4 exf4 33. b5 Qd7 34. Bxf4
e5 35. Qd2 Qg4 36. Bxh6 Bxh6 37. Qxh6 Rfc8 38. Rc3 Qe2 39. Kg1 Qe4 40. Rh3 1-0

[Event "Gibtelecom Masters 2005"]
[Site "Gibraltar ENG"]
[Date "2005.01.03"]
[Round "10"]
[White "Dunn, Andrew"]
[Black "Van den Bersselaar, Jeroen"]
[Result "1/2-1/2"]
[WhiteElo "2186"]
[BlackElo "2211"]
[PlyCount "79"]
[EventDate "2005.01.26"]
[EventType "swiss"]
[EventRounds "10"]
[EventCountry "ENG"]
[Source "lmi"]
[SourceDate "2005.02.03"]

1. d4 d5 2. Nf3 Nf6 3. e3 e6 4. Bd3 Nbd7 5. b3 c5 6. Bb2 cxd4 7. exd4 Be7 8.
O-O O-O 9. Nbd2 b6 10. Ne5 Nxe5 11. dxe5 Nd7 12. f4 g6 13. Nf3 Nc5 14. Be2 Ne4
15. Nd4 Qc7 16. Qd3 Bb7 17. Rac1 Rac8 18. c3 a5 19. a4 Bc5 20. Qe3 Qe7 21. Bd3
Bxd4 22. cxd4 Qb4 23. Bxe4 dxe4 24. f5 exf5 25. g4 Rxc1 26. Rxc1 Rc8 27. Rxc8+
Bxc8 28. gxf5 Bxf5 29. d5 b5 30. Qc3 Qxc3 31. Bxc3 bxa4 32. bxa4 Bd7 33. Bxa5
Bxa4 34. Kf2 Bb3 35. d6 Be6 36. Ke3 Bf5 37. d7 Bxd7 38. Kxe4 Be6 39. h4 Kg7 40.
Bd2 1/2-1/2

[Event "Gibtelecom Masters 2005"]
[Site "Gibraltar ENG"]
[Date "2005.01.03"]
[Round "10"]
[White "Dworakowska, Joanna"]
[Black "Ofstad, Per"]
[Result "1-0"]
[WhiteElo "2395"]
[BlackElo "2202"]
[PlyCount "29"]
[EventDate "2005.01.26"]
[EventType "swiss"]
[EventRounds "10"]
[EventCountry "ENG"]
[Source "lmi"]
[SourceDate "2005.02.03"]

1. e4 c6 2. d4 d5 3. Nc3 dxe4 4. Nxe4 Nd7 5. Ng5 Ndf6 6. N1f3 Bg4 7. Be2 Nh6 8.
O-O g6 9. Ne5 Bxe2 10. Qxe2 Qc8 11. Re1 Qf5 12. a4 Rd8 13. Ra3 Rxd4 14. Rf3 Qc8
15. Rxf6 1-0